000
00207nam a22000857a 4500
008
161210b xxu||||| |||| 00| 0 eng d
100
_9
1979
_a
CBSE
245
_a
APC Digest English-X
260
_a
New Delhi
_b
APH
_c
2011
999
_c
4787
_d
4787